| 000 | 00348nam a22001217a 4500 | ||
|---|---|---|---|
| 999 |
_c2971 _d2971 |
||
| 005 | 20200925131910.0 | ||
| 008 | 200925b ||||| |||| 00| 0 eng d | ||
| 020 | _a0245558934 | ||
| 040 | _cCML | ||
| 245 |
_aTwentieth Century Short Stories. _cBarnes, D.R. |
||
| 260 |
_aLondon _bGeorge G. Harrap and Co.LTD _c1959 |
||
| 942 |
_2ddc _cBK _e1st Edition _kF _mBAR |
||